000 00873nam a2200253Ia 4500
003 OSt
005 20221005103730.0
006 a|||||r|||| 00| 0
007 ta
008 221004b |||||||| |||| 00| 0 hin d
024 _a107596
037 _cTextual
040 _aCRL
_cCRL
_bhin
041 _2hin
_ahin
082 _aO152:g, J3
100 _aशुक्ल, प्रेमनारायण
245 0 _aहिन्दी साहित्य में विविध वाद
246 _aHindī sāhitya mean vividh vāda
260 _aदिल्ली
_bआत्माराम एण्ड संस भारत
_c1953
300 _a526पृ0
_ccm.
650 _aहिन्दी साहित्य
942 _hO152:g, J3
_cTEXL
_2cc
999 _c1010763
_d1010763